00745 a2200205 4500003000500000005001700005010001600022020001500038040000900053082001200062100001200074245008200086260003100168300003300199505020100232538002900433650003600462700002200498700001900520Nust20170207153244.0 a 85016347 a0470202408 cNust00a621.3821 aDas, J.10aPrinciples of digital communication /cJ. Das, S.K. Mullick, P.K. Chatterjee. aNew York :bWiley,cc1986. axv, 645 p. :bill. ;c25 cm. aMathematical Review (Page-6), Digital Representation Of Signals (Page-145), Optimum Detection And Parameter Estimation (Page-241), Error Correcting Codes (Page-399), Information Theory (Page-521). aAlmirah No.36 Shelf No.4 0aTelecommunications engineering.1 aChatterjee, P. K.1 aMullick, S. K.